| 000 | 00589nam a22002057a 4500 | ||
|---|---|---|---|
| 003 | OSt | ||
| 005 | 20220623142314.0 | ||
| 008 | 180413b xxu||||| |||| 00| 0 eng d | ||
| 024 | _2112700489 | ||
| 040 | _aLB-BrCRDP | ||
| 082 | _a372.1 B628i | ||
| 100 | _aJohn Blackie | ||
| 245 | _aInside the primary school | ||
| 260 |
_aLondon _bHer Majesty's stationary office _c1967 |
||
| 300 |
_a148p _c18cm |
||
| 650 | _aEducation, Elementary -- Great Britain. | ||
| 650 | _aEducation, Elementary -- Aims and objectives. | ||
| 650 | _aEducation, Elementary. | ||
| 942 |
_2ddc _cBK |
||
| 999 |
_c19066 _d19066 |
||